Использование нитрата серебра для увеличения сроков хранения воды, а также концентрированные продукты питания, в качестве долговечного и жизненно важного способа увеличения сроков сохранности продуктов в случае стихийных бедствий и катастроф; Тяжелые металлы и радионуклиды в окружающей среде; Т. 1

Détails bibliographiques
Parent link:Тяжелые металлы и радионуклиды в окружающей среде: материалы VII Международной научно-практической конференции, 4-8 октября 2012 г., г. Семипалатинск (Семей)/ Семипалатинский государственный педагогический институт ; Российская академия наук (РАН), Институт геохимии и аналитической химии (ГЕОХИ) ; Московский государственный университет им. М. В. Ломоносова (МГУ) ; Национальный исследовательский Томский политехнический университет (ТПУ) ; Российская академия наук (РАН), Сибирское отделение (СО), Институт почвоведения и агрохимии (ИПА) ; под ред. М. А. Бектемесова.— , 2012.— 978-601-7332-72-3
Т. 1.— 2012.— С. 396-397
Auteur principal: Арнаудова Э. Б.
Autres auteurs: Арнаудова Б. Р., Салкова Д. С., Георгиев Б. Г.
Langue:anglais
Publié: 2012
Collection:Физиолого-биохимические аспекты метаболизма и участия тяжелых металлов и радионуклидов в эколого-трофических системах
Sujets:
Format: Chapitre de livre
KOHA link:https://koha.lib.tpu.ru/cgi-bin/koha/opac-detail.pl?biblionumber=258633

MARC

LEADER 00000naa2a2200000 4500
001 258633
005 20231031220328.0
035 |a (RuTPU)RU\TPU\book\281521 
035 |a RU\TPU\book\281518 
090 |a 258633 
100 |a 20140426d2012 k y0rusy50 ca 
101 0 |a eng 
102 |a RU 
200 1 |a Использование нитрата серебра для увеличения сроков хранения воды, а также концентрированные продукты питания, в качестве долговечного и жизненно важного способа увеличения сроков сохранности продуктов в случае стихийных бедствий и катастроф  |f Э. Б. Арнаудова [и др.] 
225 1 |a Физиолого-биохимические аспекты метаболизма и участия тяжелых металлов и радионуклидов в эколого-трофических системах 
320 |a Библиогр.: с. 397 (3 назв.) 
461 1 |0 (RuTPU)RU\TPU\book\270768  |y 978-601-7332-72-3  |t Тяжелые металлы и радионуклиды в окружающей среде  |o материалы VII Международной научно-практической конференции, 4-8 октября 2012 г., г. Семипалатинск (Семей)  |f Семипалатинский государственный педагогический институт ; Российская академия наук (РАН), Институт геохимии и аналитической химии (ГЕОХИ) ; Московский государственный университет им. М. В. Ломоносова (МГУ) ; Национальный исследовательский Томский политехнический университет (ТПУ) ; Российская академия наук (РАН), Сибирское отделение (СО), Институт почвоведения и агрохимии (ИПА) ; под ред. М. А. Бектемесова  |d 2012 
463 0 |0 (RuTPU)RU\TPU\book\269463  |t Т. 1  |v С. 396-397  |d 2012  |p 519 с. 
610 1 |a нитраты 
610 1 |a серебро 
610 1 |a сроки хранения 
610 1 |a вода 
610 1 |a концентрированные продукты 
610 1 |a питание 
610 1 |a долговечность 
610 1 |a стихийные бедствия 
610 1 |a катастрофы 
610 1 |a продукты 
700 1 |a Арнаудова  |b Э. Б. 
701 1 |a Арнаудова  |b Б. Р. 
701 1 |a Салкова  |b Д. С. 
701 1 |a Георгиев  |b Б. Г. 
801 1 |a RU  |b 63413507  |c 20140331 
801 2 |a RU  |b 63413507  |c 20160914  |g RCR 
942 |c BK